[Event "26. Torneo Collado Villalba"]
[Site "Collado Villalba ESP"]
[Date "2009.08.24"]
[Round "4.37"]
[White "Prieto Velasco, Rafael"]
[Black "Rodriguez Aguilera, Aurelio"]
[Result "0-1"]
[WhiteElo "1727"]
[BlackElo "1967"]
[PlyCount "108"]
[EventDate "2009.08.21"]
[EventType "swiss"]
[EventRounds "9"]
[EventCountry "ESP"]
[Source "lmi"]
[SourceDate "2009.08.21"]

1. d4 d5 2. c4 e6 3. Nc3 Nf6 4. cxd5 exd5 5. Bg5 Nbd7 6. e3 c6 7. Bd3 Be7 8.
Nge2 Nh5 9. Bxe7 Qxe7 10. Qc2 Nhf6 11. h3 Nf8 12. Ng3 h6 13. O-O Ne6 14. Bf5
O-O 15. Rac1 Re8 16. Na4 Ng5 17. Bxc8 Raxc8 18. Nc5 Nge4 19. Ngxe4 Nxe4 20.
Nxe4 Qxe4 21. Qxe4 Rxe4 22. Rc3 Rce8 23. Rfc1 f5 24. Kf1 f4 25. Ke2 Rxd4 26.
Kf3 fxe3 27. Rxe3 Rxe3+ 28. Kxe3 Re4+ 29. Kf3 Kf7 30. Rc3 Kf6 31. Ra3 a6 32.
Rb3 Re7 33. h4 Rd7 34. Kf4 Ke6 35. Rg3 Rf7+ 36. Ke3 c5 37. f3 Ke5 38. b3 c4 39.
bxc4 dxc4 40. Rg4 Kd5 41. Re4 b5 42. a3 a5 43. Kd2 b4 44. axb4 axb4 45. Re8 Ra7
46. Rd8+ Ke5 47. Rb8 Ra2+ 48. Ke3 b3 49. Rb5+ Kd6 50. Kd4 Rc2 51. g4 b2 52.
Rxb2 Rxb2 53. Kxc4 Rf2 54. Kd3 Rxf3+ 0-1

[Event "26. Torneo Collado Villalba"]
[Site "Collado Villalba ESP"]
[Date "2009.08.24"]
[Round "4.39"]
[White "Benitez Cadenas, Luis Miguel"]
[Black "Gal, Eugen"]
[Result "0-1"]
[WhiteElo "1754"]
[BlackElo "1981"]
[PlyCount "118"]
[EventDate "2009.08.21"]
[EventType "swiss"]
[EventRounds "9"]
[EventCountry "ESP"]
[Source "lmi"]
[SourceDate "2009.08.21"]

1. Nf3 Nf6 2. b3 d5 3. Bb2 c5 4. e3 a6 5. c4 e6 6. d4 Nc6 7. Nc3 cxd4 8. exd4
Be7 9. Bd3 dxc4 10. Bxc4 O-O 11. O-O b5 12. Be2 Bb7 13. Qd3 Qb6 14. Rad1 Rad8
15. Bc1 Nb4 16. Qb1 Rc8 17. Qb2 Ng4 18. h3 Nf6 19. a3 Nbd5 20. Nxd5 Nxd5 21.
Bd2 Rfd8 22. Ne5 h6 23. Kh1 a5 24. Nd3 b4 25. axb4 axb4 26. Rc1 Nc3 27. Be3 Ba6
28. Nf4 Nxe2 29. Nxe2 Qb5 30. Ng3 Qd5 31. Rfe1 Bd6 32. Nf1 Bb7 33. f3 Qf5 34.
Qe2 Bd5 35. Nd2 Rc3 36. Rxc3 bxc3 37. Nc4 Bb4 38. Rc1 h5 39. Qc2 Qxc2 40. Rxc2
Rc8 41. Kh2 Bxc4 42. bxc4 Rxc4 43. Kg3 Kf8 44. Kf2 Ke7 45. Ke2 Kd6 46. Kd3 Rc8
47. Bf2 g5 48. Be1 Kd5 49. Bxc3 Bxc3 50. Rxc3 Rxc3+ 51. Kxc3 f5 52. Kd3 h4 53.
Ke3 Kc4 54. f4 gxf4+ 55. Kxf4 Kxd4 56. g4 hxg3 57. Kxg3 Ke5 58. Kf3 Kf6 59. Kf4
e5+ 0-1

[Event "26. Torneo Collado Villalba"]
[Site "Collado Villalba ESP"]
[Date "2009.08.24"]
[Round "4.40"]
[White "Laynez Aspenberg, Jose"]
[Black "Gonzalo Gonzalez, Francisco"]
[Result "1-0"]
[WhiteElo "1932"]
[BlackElo "1853"]
[PlyCount "57"]
[EventDate "2009.08.21"]
[EventType "swiss"]
[EventRounds "9"]
[EventCountry "ESP"]
[Source "lmi"]
[SourceDate "2009.08.21"]

1. d4 e5 2. dxe5 Nc6 3. Nf3 Qe7 4. Nc3 Nxe5 5. e4 Nf6 6. Bg5 c6 7. Be2 d6 8.
Qd4 Bd7 9. O-O-O h6 10. Bf4 c5 11. Qd2 O-O-O 12. Rhe1 Qe6 13. Kb1 Neg4 14. Bg3
Nxe4 15. Nxe4 Qxe4 16. h3 Ne5 17. Nxe5 dxe5 18. Bb5 Qd4 19. Qa5 Qb4 20. Qxa7
Bd6 21. Bxd7+ Kxd7 22. Bxe5 Kc6 23. Bc3 Qc4 24. Bxg7 Ra8 25. Rxd6+ Kxd6 26.
Qb6+ Kd7 27. Qxb7+ Kd6 28. Rd1+ Ke6 29. Qd7# 1-0

[Event "26. Torneo Collado Villalba"]
[Site "Collado Villalba ESP"]
[Date "2009.08.24"]
[Round "4.42"]
[White "Cano Mercado, Francisco Manuel"]
[Black "Perez Ortego, Alberto"]
[Result "1-0"]
[WhiteElo "1920"]
[BlackElo "1596"]
[PlyCount "103"]
[EventDate "2009.08.21"]
[EventType "swiss"]
[EventRounds "9"]
[EventCountry "ESP"]
[Source "lmi"]
[SourceDate "2009.08.21"]

1. e4 e5 2. Nf3 Nf6 3. Nxe5 d6 4. Nf3 Nxe4 5. Nc3 Nxc3 6. dxc3 Bg4 7. Be3 Be7
8. Be2 Nd7 9. Qd2 Nf6 10. O-O-O O-O 11. h3 Be6 12. g4 h6 13. Nd4 Ne4 14. Qe1
Bg5 15. Bd3 Nc5 16. Kb1 Bd5 17. Rg1 Bxe3 18. Qxe3 Re8 19. Qg3 Ne4 20. Bxe4 Bxe4
21. f4 c5 22. Nf5 Re6 23. h4 Qd7 24. h5 Bxc2+ 25. Kxc2 Re2+ 26. Rd2 Qa4+ 27.
Kc1 Rae8 28. Rxe2 Rxe2 29. Qd3 Qxf4+ 30. Kd1 Rxb2 31. Re1 Qa4+ 32. Kc1 Rxa2 33.
Ne3 Qa3+ 34. Kd1 Ra1+ 35. Kd2 Qa2+ 36. Nc2 Rxe1 37. Kxe1 Qe6+ 38. Ne3 d5 39.
Kf2 d4 40. cxd4 cxd4 41. Qxd4 Qf6+ 42. Qxf6 gxf6 43. Kf3 a5 44. Ke4 Kf8 45. Nf5
b5 46. Kd4 Ke8 47. Nd6+ Ke7 48. Nf5+ Kf8 49. Nxh6 a4 50. Kc3 Kg7 51. Nf5+ Kh7
52. Kb4 1-0

[Event "26. Torneo Collado Villalba"]
[Site "Collado Villalba ESP"]
[Date "2009.08.25"]
[Round "5.1"]
[White "Rojas Keim, Luis"]
[Black "Vazquez Igarza, Renier"]
[Result "1/2-1/2"]
[WhiteElo "2453"]
[BlackElo "2570"]
[PlyCount "117"]
[EventDate "2009.08.21"]
[EventType "swiss"]
[EventRounds "9"]
[EventCountry "ESP"]
[Source "lmi"]
[SourceDate "2009.08.21"]

1. e4 c5 2. Nf3 d6 3. d4 cxd4 4. Nxd4 Nf6 5. Nc3 a6 6. Bc4 e6 7. Bb3 Nbd7 8. f4
Nc5 9. f5 Bd7 10. fxe6 fxe6 11. O-O Be7 12. Qf3 Nxb3 13. cxb3 O-O 14. Qh3 Qe8
15. Be3 Bd8 16. e5 dxe5 17. Nf3 e4 18. Ng5 Qg6 19. Rad1 e5 20. Qg3 Bc6 21. Qxe5
h6 22. Qe6+ Kh8 23. Qh3 Re8 24. Ne6 Bd7 25. Nf4 Qg4 26. Qxg4 Bxg4 27. Rd2 Kg8
28. h3 Bd7 29. Rfd1 Bc6 30. Ncd5 Rc8 31. Nb6 Bxb6 32. Bxb6 g5 33. Ne2 Bb5 34.
Re1 Rc6 35. Be3 Bd3 36. Nd4 Rc7 37. Nf5 Kh7 38. Bd4 Nd5 39. a3 Rec8 40. Ne3 Nf4
41. Bc3 h5 42. Kh2 Kg6 43. g3 Ne6 44. Nd5 Nc5 45. Nxc7 Rxc7 46. b4 Nd7 47. Rf2
Rc6 48. g4 hxg4 49. hxg4 Nb6 50. Rf5 Nc4 51. Rc5 Re6 52. Rc7 Ne5 53. Bxe5 Rxe5
54. Kg3 Re6 55. Rd7 Rf6 56. Re3 Rf1 57. Rd6+ Kf7 58. Rexd3 exd3 59. Rxd3
1/2-1/2

[Event "26. Torneo Collado Villalba"]
[Site "Collado Villalba ESP"]
[Date "2009.08.25"]
[Round "5.3"]
[White "Perez Gonzalez, Jose Manuel"]
[Black "Teske, Henrik"]
[Result "1/2-1/2"]
[WhiteElo "2307"]
[BlackElo "2536"]
[PlyCount "119"]
[EventDate "2009.08.21"]
[EventType "swiss"]
[EventRounds "9"]
[EventCountry "ESP"]
[Source "lmi"]
[SourceDate "2009.08.21"]

1. e4 e6 2. d4 d5 3. Nc3 Bb4 4. e5 c5 5. a3 Ba5 6. Bd2 Nc6 7. Qg4 g6 8. dxc5
Nxe5 9. Qg3 Bc7 10. Nb5 f6 11. f4 Nd7 12. Qc3 a6 13. Nd4 Qe7 14. Nb3 Nh6 15.
Nf3 O-O 16. O-O-O Ng4 17. Qd4 b6 18. c6 Nc5 19. Re1 Qd6 20. h3 Qxc6 21. Nxc5
bxc5 22. Qg1 Nh6 23. g4 Rb8 24. f5 Nf7 25. fxg6 hxg6 26. Bd3 Kg7 27. Bxg6 Qb6
28. b3 c4 29. Qxb6 Rxb6 30. Bxf7 Rxf7 31. bxc4 dxc4 32. g5 Bb7 33. Rhf1 Bxf3
34. Rxf3 fxg5 35. Rxf7+ Kxf7 36. Re4 Bd6 37. a4 Ba3+ 38. Kd1 Rb1+ 39. Ke2 Bc1
40. Rxc4 Bxd2 41. Kxd2 Rh1 42. Rc3 Rh2+ 43. Kc1 Kf6 44. Re3 e5 45. c4 Ra2 46.
c5 Rxa4 47. Rc3 Rd4 48. c6 Rd8 49. c7 Rc8 50. Kd2 Ke6 51. Rc6+ Kd5 52. Rxa6
Rxc7 53. Rg6 Rh7 54. Rxg5 Rxh3 55. Rg4 Ra3 56. Ke2 Ke6 57. Rb4 Kf5 58. Rc4 Ra5
59. Rh4 Kg5 60. Rb4 1/2-1/2

[Event "26. Torneo Collado Villalba"]
[Site "Collado Villalba ESP"]
[Date "2009.08.25"]
[Round "5.4"]
[White "Moreno Ruiz, Javier"]
[Black "Ubilava, Elizbar"]
[Result "1-0"]
[WhiteElo "2418"]
[BlackElo "2547"]
[PlyCount "139"]
[EventDate "2009.08.21"]
[EventType "swiss"]
[EventRounds "9"]
[EventCountry "ESP"]
[Source "lmi"]
[SourceDate "2009.08.21"]

1. c4 g6 2. g3 Bg7 3. Bg2 e5 4. Nc3 d6 5. d3 Nc6 6. e4 Nge7 7. Nge2 f5 8. Nd5
O-O 9. O-O h6 10. Be3 g5 11. f4 exf4 12. gxf4 g4 13. Qd2 Ng6 14. Rae1 Nh4 15.
Bh1 Kh7 16. Bf2 Rf7 17. d4 Nf3+ 18. Bxf3 gxf3 19. Ng3 fxe4 20. Rxe4 Qh4 21. Qd3
Qh3 22. Qxf3 Bf5 23. Be3 Rg8 24. Nxf5 Qxf5 25. Kh1 Bh8 26. Bf2 a5 27. Rfe1 Qg4
28. Qxg4 Rxg4 29. Rg1 h5 30. h3 Rxg1+ 31. Kxg1 a4 32. Nc3 Na5 33. d5 a3 34. b4
Nb3 35. Nb1 Nc1 36. Nxa3 Nxa2 37. Be1 Bc3 38. b5 Bxe1 39. Rxe1 Nc3 40. b6 cxb6
41. Re6 Rxf4 42. Rxd6 Nd1 43. Re6 Rf3 44. Nb5 Ne3 45. Re4 Nf5 46. Nd4 Nxd4 47.
Rxd4 Kg6 48. d6 Rf8 49. d7 Rd8 50. Kg2 h4 51. Kf3 Kf5 52. Rd1 Kg5 53. Rd5+ Kf6
54. Kg4 Ke6 55. Rd1 Ke7 56. Kxh4 Rh8+ 57. Kg5 Kd8 58. h4 Rg8+ 59. Kf5 Rh8 60.
Rd4 b5 61. cxb5 Rh5+ 62. Kg6 Rxb5 63. h5 Rb1 64. h6 Rg1+ 65. Kf6 Rh1 66. Kg5
Rg1+ 67. Kh5 Rh1+ 68. Rh4 Rf1 69. h7 Rf8 70. Rd4 1-0

[Event "26. Torneo Collado Villalba"]
[Site "Collado Villalba ESP"]
[Date "2009.08.25"]
[Round "5.5"]
[White "Martinez Rodriguez, Pablo"]
[Black "Suba, Mihai"]
[Result "0-1"]
[WhiteElo "2213"]
[BlackElo "2540"]
[PlyCount "162"]
[EventDate "2009.08.21"]
[EventType "swiss"]
[EventRounds "9"]
[EventCountry "ESP"]
[Source "lmi"]
[SourceDate "2009.08.21"]

1. d4 Nf6 2. c4 e6 3. Nf3 Bb4+ 4. Nbd2 b6 5. a3 Bxd2+ 6. Bxd2 Bb7 7. Bg5 d6 8.
e3 Nbd7 9. Bh4 Qe7 10. Be2 h6 11. Nd2 a5 12. Bf3 Bxf3 13. Qxf3 O-O 14. Ne4 a4
15. Nxf6+ Nxf6 16. e4 Ra5 17. O-O e5 18. d5 g5 19. Bg3 Kg7 20. Qe2 Qd7 21. f3
Nh5 22. Be1 Nf4 23. Qc2 Raa8 24. Bc3 Rg8 25. Kh1 Kh7 26. g3 Ng6 27. Bd2 Raf8
28. Rae1 Rg7 29. Rf2 f6 30. Kg2 Kg8 31. Kf1 Qh3+ 32. Ke2 f5 33. Kd1 Rgf7 34.
exf5 Rxf5 35. g4 R5f6 36. Rg1 Nf4 37. Rg3 Qh4 38. Qe4 Kg7 39. Kc2 h5 40. Be1
Rg6 41. Rg1 hxg4 42. Rxg4 Qh7 43. Bd2 Kh8 44. Bxf4 Rxf4 45. Rxf4 gxf4 46. Kc3
Rg1 47. Qxh7+ Kxh7 48. Kb4 Rc1 49. Kb5 Kg6 50. Rg2+ Kh5 51. Rg7 Rf1 52. Kc6
Rxf3 53. Kxc7 e4 54. Kxd6 e3 55. Re7 Rf1 56. Kc7 Rc1 57. Re4 Kg4 58. d6 Kf3 59.
d7 Kxe4 60. d8=Q Rxc4+ 61. Kxb6 e2 62. Qe8+ Kd3 63. Qe5 f3 64. Qd5+ Ke3 65.
Qe5+ Re4 66. Qg5+ Rf4 67. Qe5+ Kf2 68. Qxf4 e1=Q 69. Qh4+ Kf1 70. Qh3+ Ke2 71.
Qe6+ Kf2 72. Qh3 Qe4 73. Qh5 Ke1 74. Qa5+ Kd1 75. Qh5 Kc2 76. Qc5+ Kb3 77. h4
Qe2 78. Qd5+ Kc2 79. Qa2 Qe3+ 80. Ka6 Qb3 81. Qa1 Qd3+ 0-1

[Event "26. Torneo Collado Villalba"]
[Site "Collado Villalba ESP"]
[Date "2009.08.25"]
[Round "5.7"]
[White "Pastor Alonso De Prado, Emilio Alberto"]
[Black "Hernandez Gallardo, Francisco Javier"]
[Result "0-1"]
[WhiteElo "2174"]
[BlackElo "2352"]
[PlyCount "46"]
[EventDate "2009.08.21"]
[EventType "swiss"]
[EventRounds "9"]
[EventCountry "ESP"]
[Source "lmi"]
[SourceDate "2009.08.21"]

1. e4 c5 2. Nf3 d6 3. c3 Nf6 4. h3 Nc6 5. Bd3 e5 6. Bc2 Qc7 7. Na3 Be7 8. d4
cxd4 9. cxd4 O-O 10. O-O Bd7 11. d5 Nb4 12. Bg5 b5 13. Bd3 Qb7 14. Qe2 Nxd3 15.
Qxd3 h6 16. Bxf6 Bxf6 17. Rfc1 Bd8 18. Nc2 f5 19. exf5 Bxf5 20. Qb3 Be4 21. Ne3
Bxf3 22. gxf3 Rxf3 23. Rc6 Bh4 0-1

[Event "26. Torneo Collado Villalba"]
[Site "Collado Villalba ESP"]
[Date "2009.08.25"]
[Round "5.8"]
[White "Ramirez Garcia, Jorge Alberto"]
[Black "Elissalt Cardenas, Hector"]
[Result "0-1"]
[WhiteElo "2203"]
[BlackElo "2317"]
[PlyCount "58"]
[EventDate "2009.08.21"]
[EventType "swiss"]
[EventRounds "9"]
[EventCountry "ESP"]
[Source "lmi"]
[SourceDate "2009.08.21"]

1. e4 g6 2. d4 Bg7 3. Nf3 c6 4. Nc3 d5 5. h3 Nh6 6. Bd3 f6 7. Qe2 Nf7 8. exd5
cxd5 9. Nd1 O-O 10. c3 e5 11. Bc2 e4 12. Nh2 Nc6 13. O-O Be6 14. f3 f5 15. f4
Nd6 16. Be3 b5 17. Nf2 a5 18. Rfc1 Nc4 19. Nd1 Qb6 20. Nf1 b4 21. Nd2 Nxe3 22.
Nxe3 a4 23. a3 Nxd4 24. cxd4 Bxd4 25. Ndf1 Bxb2 26. axb4 Bxc1 27. Rxc1 Rfc8 28.
Nd2 Rc3 29. Re1 Rxc2 0-1

[Event "26. Torneo Collado Villalba"]
[Site "Collado Villalba ESP"]
[Date "2009.08.25"]
[Round "5.9"]
[White "Madina Yadarola, Martin A"]
[Black "Collado Barbas, Laura"]
[Result "1-0"]
[WhiteElo "2250"]
[BlackElo "2055"]
[PlyCount "51"]
[EventDate "2009.08.21"]
[EventType "swiss"]
[EventRounds "9"]
[EventCountry "ESP"]
[Source "lmi"]
[SourceDate "2009.08.21"]

1. d4 d5 2. c4 e6 3. Nc3 c6 4. Nf3 dxc4 5. a4 Bb4 6. Bd2 b5 7. e3 a5 8. axb5
Bxc3 9. Bxc3 cxb5 10. b3 Bb7 11. bxc4 b4 12. Bb2 Nf6 13. Bd3 Nbd7 14. O-O O-O
15. Nd2 Re8 16. f4 Bc6 17. Bc2 Nb6 18. Re1 Qd7 19. e4 a4 20. d5 exd5 21. Bxf6
gxf6 22. exd5 Rxe1+ 23. Qxe1 Bb7 24. Qh4 Qd8 25. Qxh7+ Kf8 26. Re1 1-0

[Event "26. Torneo Collado Villalba"]
[Site "Collado Villalba ESP"]
[Date "2009.08.25"]
[Round "5.10"]
[White "Garcia Salamero, Gabriel"]
[Black "Solaesa Navalpotro, Luis Julio"]
[Result "1/2-1/2"]
[WhiteElo "2034"]
[BlackElo "2223"]
[PlyCount "54"]
[EventDate "2009.08.21"]
[EventType "swiss"]
[EventRounds "9"]
[EventCountry "ESP"]
[Source "lmi"]
[SourceDate "2009.08.21"]

1. e4 e5 2. Nf3 Nf6 3. Bb5 a6 4. Ba4 Nc6 5. O-O b5 6. Bb3 Bc5 7. Nxe5 Nxe5 8.
d4 Bxd4 9. Qxd4 d6 10. c3 Bb7 11. f3 c5 12. Qd1 O-O 13. Be3 h6 14. Qe2 Qc7 15.
Rd1 Ng6 16. c4 Ne5 17. Nd2 Rfe8 18. Rac1 Bc6 19. h3 Rab8 20. Bf4 Nfd7 21. Nf1
Nb6 22. Ne3 bxc4 23. Nxc4 Bb5 24. Bxe5 Rxe5 25. Qd2 Nxc4 26. Bxc4 Bxc4 27. Rxc4
Rb6 1/2-1/2

[Event "26. Torneo Collado Villalba"]
[Site "Collado Villalba ESP"]
[Date "2009.08.25"]
[Round "5.11"]
[White "Rubio Mejia, Luis Ignacio"]
[Black "Rodrigo Yanguas, Maria"]
[Result "1-0"]
[WhiteElo "2371"]
[BlackElo "2112"]
[PlyCount "49"]
[EventDate "2009.08.21"]
[EventType "swiss"]
[EventRounds "9"]
[EventCountry "ESP"]
[Source "lmi"]
[SourceDate "2009.08.21"]

1. d4 f5 2. Bg5 g6 3. Nd2 Nf6 4. Bxf6 exf6 5. e3 d5 6. c4 c6 7. Ne2 Bh6 8. cxd5
cxd5 9. g3 Be6 10. Bg2 O-O 11. O-O Nd7 12. a4 Nb6 13. a5 Nc8 14. Nc3 Ne7 15.
Qa4 Bd7 16. Qa2 Bc6 17. b4 a6 18. Nb3 Qd6 19. Nc5 Rfe8 20. e4 Rad8 21. Rfe1 Kf7
22. exd5 Nxd5 23. Rxe8 Kxe8 24. Re1+ Kf7 25. Qc4 1-0

[Event "26. Torneo Collado Villalba"]
[Site "Collado Villalba ESP"]
[Date "2009.08.25"]
[Round "5.12"]
[White "Sanchez Gonzalez, Sergio"]
[Black "Martin Martin, Luis Vicente"]
[Result "1-0"]
[WhiteElo "2305"]
[BlackElo "2095"]
[PlyCount "99"]
[EventDate "2009.08.21"]
[EventType "swiss"]
[EventRounds "9"]
[EventCountry "ESP"]
[Source "lmi"]
[SourceDate "2009.08.21"]

1. c4 e5 2. Nc3 Nf6 3. Nf3 Nc6 4. e3 Bb4 5. Qc2 O-O 6. Be2 Re8 7. O-O d5 8.
cxd5 Nxd5 9. Nxd5 Qxd5 10. Bc4 Qd8 11. a3 Bd6 12. d4 e4 13. Nd2 Qe7 14. Bd5
Bxh2+ 15. Kxh2 Qd6+ 16. Kg1 Qxd5 17. b4 a6 18. Bb2 Bg4 19. Rac1 Rad8 20. Qc5
Be6 21. Qxd5 Bxd5 22. Rc5 Rd7 23. Rfc1 Rc8 24. b5 axb5 25. Rxb5 Ne7 26. Nc4 f6
27. Nd2 Ra8 28. Rbc5 c6 29. f3 f5 30. Kf2 Kf7 31. Rh1 h6 32. g4 Nc8 33. gxf5
Nd6 34. fxe4 Nxe4+ 35. Nxe4 Bxe4 36. Rh4 Re8 37. d5 cxd5 38. f6 gxf6 39. Rxh6
Re6 40. Rc8 Kg7 41. Rhh8 Bh7 42. Bd4 Kg6 43. a4 Ra6 44. Rcf8 Rdd6 45. Re8 Rd7
46. Rhf8 Kg7 47. a5 Rxa5 48. Rxf6 Rf7 49. Rf4+ Kg6 50. Re6+ 1-0

[Event "26. Torneo Collado Villalba"]
[Site "Collado Villalba ESP"]
[Date "2009.08.25"]
[Round "5.14"]
[White "Lorite Cruz, Francisco"]
[Black "Perez de Aranda, Leonardo Ivan"]
[Result "0-1"]
[WhiteElo "2084"]
[BlackElo "2224"]
[PlyCount "68"]
[EventDate "2009.08.21"]
[EventType "swiss"]
[EventRounds "9"]
[EventCountry "ESP"]
[Source "lmi"]
[SourceDate "2009.08.21"]

1. e4 c5 2. f4 d5 3. exd5 Qxd5 4. Nc3 Qd8 5. Bb5+ Bd7 6. Bxd7+ Qxd7 7. Nf3 Nc6
8. O-O Nf6 9. Kh1 e6 10. Ne5 Qc8 11. Nxc6 Qxc6 12. d3 h5 13. Qf3 Qxf3 14. Rxf3
g6 15. Be3 O-O-O 16. a3 Nd5 17. Nxd5 Rxd5 18. Re1 Bg7 19. b3 Rhd8 20. a4 Kc7
21. Bd2 Kc6 22. g3 a6 23. Re4 b5 24. Kg2 Rd4 25. Rxd4 Bxd4 26. axb5+ axb5 27.
c3 Bf6 28. Kf2 Ra8 29. Ke2 Ra3 30. b4 Bxc3 31. Bxc3 Rxc3 32. bxc5 Kxc5 33. Ke3
Rc2 34. Rf1 b4 0-1

[Event "26. Torneo Collado Villalba"]
[Site "Collado Villalba ESP"]
[Date "2009.08.25"]
[Round "5.15"]
[White "Gomez Peco, Pablo"]
[Black "Montanes Arribas, Adrian"]
[Result "1/2-1/2"]
[WhiteElo "2222"]
[BlackElo "2091"]
[PlyCount "74"]
[EventDate "2009.08.21"]
[EventType "swiss"]
[EventRounds "9"]
[EventCountry "ESP"]
[Source "lmi"]
[SourceDate "2009.08.21"]

1. d4 d5 2. c4 c6 3. cxd5 cxd5 4. Nc3 Nf6 5. Bf4 Nc6 6. Nf3 a6 7. Rc1 Nh5 8. g3
Nxf4 9. gxf4 e6 10. e3 Bd6 11. Bd3 Bd7 12. h4 Rc8 13. Ne5 Nxe5 14. fxe5 Bb4 15.
Qb3 Bxc3+ 16. Rxc3 Bc6 17. Qc2 Qa5 18. a3 h6 19. b4 Qb6 20. Rg1 O-O 21. f4 f5
22. exf6 Rxf6 23. Qg2 Rc7 24. Bb1 Ba4 25. Rc5 Qd6 26. Qd2 b6 27. Rc3 Rff7 28.
Kf2 Qd8 29. Rg4 Rxc3 30. Qxc3 Bd1 31. Rg3 Qxh4 32. Qc8+ Rf8 33. Qxe6+ Kh8 34.
Qg6 Qh2+ 35. Rg2 Qh4+ 36. Kf1 Qh1+ 37. Kf2 Qh4+ 1/2-1/2

[Event "26. Torneo Collado Villalba"]
[Site "Collado Villalba ESP"]
[Date "2009.08.25"]
[Round "5.16"]
[White "Enjuto Velasco, Roberto"]
[Black "Rodriguez Gomez, Vicente"]
[Result "1-0"]
[WhiteElo "2202"]
[BlackElo "1990"]
[PlyCount "49"]
[EventDate "2009.08.21"]
[EventType "swiss"]
[EventRounds "9"]
[EventCountry "ESP"]
[Source "lmi"]
[SourceDate "2009.08.21"]

1. e4 e5 2. f4 d5 3. exd5 e4 4. d3 Nf6 5. dxe4 Nxe4 6. Nf3 Bg4 7. Bd3 f5 8. Qe2
Qe7 9. O-O Nd7 10. Be3 h5 11. Nbd2 h4 12. Rae1 Ndf6 13. Bd4 O-O-O 14. c4 Qd6
15. Qe3 Bxf3 16. Rxf3 Re8 17. Qe2 Qb4 18. Bxe4 fxe4 19. Re3 Bc5 20. Bxc5 Qxc5
21. Kh1 Nh5 22. Nxe4 Rxe4 23. Qg4+ Kb8 24. Rxe4 Ng3+ 25. Qxg3 1-0

[Event "26. Torneo Collado Villalba"]
[Site "Collado Villalba ESP"]
[Date "2009.08.25"]
[Round "5.17"]
[White "Barahona Torrijos, Angel"]
[Black "Cao Armillas, Jesus"]
[Result "0-1"]
[WhiteElo "1944"]
[BlackElo "2199"]
[PlyCount "140"]
[EventDate "2009.08.21"]
[EventType "swiss"]
[EventRounds "9"]
[EventCountry "ESP"]
[Source "lmi"]
[SourceDate "2009.08.21"]

1. e4 c5 2. a3 e6 3. b4 cxb4 4. axb4 Bxb4 5. Bb2 f6 6. Ra4 Nc6 7. Bb5 Nge7 8.
Qh5+ Kf8 9. Nf3 Qe8 10. Qh4 Bd6 11. Bxc6 Ng6 12. Qh5 bxc6 13. Na3 Nf4 14. Qxe8+
Kxe8 15. Nc4 Bc7 16. g3 Ng6 17. O-O d5 18. exd5 cxd5 19. Na5 Bd7 20. Ra2 Kf7
21. Bd4 e5 22. Bc5 Rhc8 23. Rfa1 Bb6 24. Bxb6 axb6 25. Nb3 Rxa2 26. Rxa2 Ne7
27. Ne1 Ke6 28. f3 Kd6 29. Kf2 Bc6 30. d4 Bb7 31. dxe5+ fxe5 32. f4 exf4 33.
gxf4 Rc4 34. Nd3 Nf5 35. Nd2 Rc7 36. Nf3 d4 37. Nfe5 Ne3 38. Nb4 g5 39. Ned3
Rf7 40. Kg3 gxf4+ 41. Nxf4 Nf1+ 42. Kg4 Nxh2+ 43. Kg5 Nf3+ 44. Kg4 Ne5+ 45. Kg3
Rg7+ 46. Kf2 Rf7 47. Kg3 Be4 48. Rb2 Rc7 49. Nfd3 Rg7+ 50. Kf2 Rg2+ 51. Kf1 Ng4
52. Rb3 Ne3+ 53. Ke1 Rg1+ 54. Kf2 Rf1+ 55. Kg3 Rf3+ 56. Kh2 Ng4+ 57. Kg1 Ne3
58. c3 Rf1+ 59. Kh2 Rh1+ 60. Kg3 Nf5+ 61. Kf2 Rh2+ 62. Ke1 Bxd3 63. Nxd3 Kc7
64. Nf2 Kc6 65. Rb4 Ne3 66. Ke2 Ng4 67. Kf3 Rxf2+ 68. Kxg4 dxc3 69. Rc4+ Kd5
70. Rxc3 b5 0-1

[Event "26. Torneo Collado Villalba"]
[Site "Collado Villalba ESP"]
[Date "2009.08.25"]
[Round "5.19"]
[White "Alcaraz Amoros, Antonio"]
[Black "Davicce Canada, Juan Antonio"]
[Result "1-0"]
[WhiteElo "2135"]
[BlackElo "2064"]
[PlyCount "75"]
[EventDate "2009.08.21"]
[EventType "swiss"]
[EventRounds "9"]
[EventCountry "ESP"]
[Source "lmi"]
[SourceDate "2009.08.21"]

1. c4 e5 2. Nc3 Bb4 3. Nd5 Bc5 4. e3 Nf6 5. b4 Nxd5 6. bxc5 Nf6 7. d4 Qe7 8.
Be2 b6 9. cxb6 axb6 10. Nf3 e4 11. Nd2 O-O 12. O-O c6 13. Bb2 Ba6 14. Qc2 d6
15. Rfe1 d5 16. Qb3 Qa7 17. f3 Nbd7 18. fxe4 dxe4 19. a4 Rfe8 20. Ba3 Qc7 21.
Nf1 Qd6 22. Ng3 Qe6 23. Rab1 h5 24. Rf1 Ng4 25. d5 cxd5 26. cxd5 Qg6 27. Bxa6
Rxa6 28. Qb5 Ra7 29. Nf5 Nge5 30. d6 Kh7 31. Rbd1 Qg5 32. Rd5 f6 33. Kh1 Rc8
34. h4 Qg4 35. Rf4 Qg6 36. Ne7 Qg3 37. Nxc8 Nf3 38. Rxh5+ 1-0

[Event "26. Torneo Collado Villalba"]
[Site "Collado Villalba ESP"]
[Date "2009.08.25"]
[Round "5.21"]
[White "Castejon Caballero, Andres"]
[Black "Collado Barbas, Alberto"]
[Result "1-0"]
[WhiteElo "2184"]
[BlackElo "1986"]
[PlyCount "75"]
[EventDate "2009.08.21"]
[EventType "swiss"]
[EventRounds "9"]
[EventCountry "ESP"]
[Source "lmi"]
[SourceDate "2009.08.21"]

1. e4 c6 2. d3 d5 3. Nd2 e5 4. Ngf3 Bd6 5. d4 exd4 6. exd5 cxd5 7. Nxd4 Nc6 8.
Bb5 Bd7 9. N2f3 Nge7 10. O-O O-O 11. c3 a6 12. Ba4 Qc7 13. h3 Rab8 14. Bc2 g6
15. Nxc6 bxc6 16. Bh6 Nf5 17. Bxf5 Bxf5 18. Bxf8 Bxf8 19. Nd4 Bd7 20. b4 c5 21.
bxc5 Qxc5 22. Qd3 a5 23. Rab1 Rc8 24. Nb3 Qd6 25. Nd4 Rc4 26. Rfd1 Qc7 27. Nb5
Qf4 28. Qd2 Qh4 29. Qxd5 Bxh3 30. gxh3 Rc5 31. Qf3 Rf5 32. Rd4 Qf6 33. Qg2 Bc5
34. Nc7 h5 35. Nd5 Qe5 36. Re4 Bxf2+ 37. Qxf2 Qxe4 38. Qxf5 1-0

[Event "26. Torneo Collado Villalba"]
[Site "Collado Villalba ESP"]
[Date "2009.08.25"]
[Round "5.23"]
[White "Sanchez Carvajal, Nestor"]
[Black "Martinez De Miguel, Pedro"]
[Result "0-1"]
[WhiteElo "1989"]
[BlackElo "2163"]
[PlyCount "116"]
[EventDate "2009.08.21"]
[EventType "swiss"]
[EventRounds "9"]
[EventCountry "ESP"]
[Source "lmi"]
[SourceDate "2009.08.21"]

1. d4 Nf6 2. Nf3 g6 3. c4 Bg7 4. e3 O-O 5. Nbd2 d6 6. b3 e5 7. dxe5 Ng4 8. Bb2
Nc6 9. Be2 Ncxe5 10. Nxe5 Nxe5 11. Rb1 Qg5 12. O-O Bh3 13. Bf3 Nxf3+ 14. Qxf3
Bxb2 15. Rxb2 Qe5 16. Rbb1 Bf5 17. e4 Bd7 18. Qe3 f5 19. f4 Qa5 20. e5 Rae8 21.
Nf3 Bc6 22. Rfe1 Re7 23. Rb2 Bxf3 24. gxf3 Rfe8 25. b4 Qb6 26. c5 dxc5 27. Qxc5
Rd8 28. Kg2 Qxc5 29. bxc5 c6 30. Reb1 Rdd7 31. a4 Kf7 32. Kf2 Ke6 33. Ke3 g5
34. Rb4 a5 35. Rc4 gxf4+ 36. Kxf4 Rd2 37. h3 Red7 38. Kg5 Kxe5 39. f4+ Kd5 40.
Rc3 Rg2+ 41. Kh4 Ke4 42. Rc4+ Rd4 43. Re1+ Kd5 44. Rxd4+ Kxd4 45. Re5 Ra2 46.
Rxf5 Rxa4 47. Rf7 Kxc5 48. Kg5 b5 49. f5 Ra1 50. f6 a4 51. Rxh7 Rg1+ 52. Kh6 b4
53. Rb7 a3 54. f7 Rf1 55. Kg7 a2 56. Ra7 b3 57. f8=Q+ Rxf8 58. Kxf8 b2 0-1